<?xml version="1.0" encoding="UTF-8"?>
<record
    xmlns:xsi="http://www.w3.org/2001/XMLSchema-instance"
    xsi:schemaLocation="http://www.loc.gov/MARC21/slim http://www.loc.gov/standards/marcxml/schema/MARC21slim.xsd"
    xmlns="http://www.loc.gov/MARC21/slim">

  <leader>00200nam a2200085Ia 4500</leader>
  <controlfield tag="008">230915s9999    xx            000 0 und d</controlfield>
  <datafield tag="050" ind1=" " ind2=" ">
    <subfield code="a">PE1128.T58</subfield>
  </datafield>
  <datafield tag="245" ind1=" " ind2="2">
    <subfield code="a">A PRACTICAL ENGLISH GRAMMAR</subfield>
  </datafield>
  <datafield tag="942" ind1=" " ind2=" ">
    <subfield code="c">BK</subfield>
  </datafield>
  <datafield tag="999" ind1=" " ind2=" ">
    <subfield code="c">174255</subfield>
    <subfield code="d">174255</subfield>
  </datafield>
  <datafield tag="952" ind1=" " ind2=" ">
    <subfield code="0">0</subfield>
    <subfield code="1">0</subfield>
    <subfield code="2">lcc</subfield>
    <subfield code="4">0</subfield>
    <subfield code="7">0</subfield>
    <subfield code="8">ARTS</subfield>
    <subfield code="a">KSUL</subfield>
    <subfield code="b">KSUL</subfield>
    <subfield code="c">DISPLAY</subfield>
    <subfield code="d">2024-05-29</subfield>
    <subfield code="i">19557</subfield>
    <subfield code="l">0</subfield>
    <subfield code="o">PE 1128 .T56 </subfield>
    <subfield code="p">048373</subfield>
    <subfield code="r">2024-05-29 11:35:53</subfield>
    <subfield code="t">1</subfield>
    <subfield code="w">2024-05-29</subfield>
    <subfield code="y">BK</subfield>
  </datafield>
</record>
